| 000 | 00435nam a2200181Ia 4500 | ||
|---|---|---|---|
| 001 | 20829 | ||
| 005 | 20260306172834.0 | ||
| 008 | 260306t2015||||xx |||||||||||||| ||spa|| | ||
| 041 | _aESP | ||
| 082 |
_a343.8 _bF62 |
||
| 100 |
_aFlores Gallegos, Jorge _eAUT |
||
| 245 | 0 | _aFiscalización de personas naturales | |
| 260 | _c2015 | ||
| 300 |
_a31 pƔginas : _c24 cm. |
||
| 650 | _aGEN | ||
| 654 | _aCDE | ||
| 942 |
_cLIB _dJUS _fJUS _2ddc _n |
||
| 999 |
_c20829 _d20829 |
||